The nearly terrible birthday

Bibliographic Details
Format: Book
Published: London : Julia MacRae Books , 1984
Subjects:

MARC

LEADER 00000cam a2200000 7i4500
001 0000007101
002 000007642
005 20000330.0
020 |a 0862032032 
090 0 0 |a JF   |b HUD 
245 1 4 |a The nearly terrible birthday   |c Delia Huddy 
260 |a London :   |b Julia MacRae Books ,   |c 1984 
300 |a 47p. :   |b ill. ;   |c 19cm. 
650 0 0 |a Children's stories 
999 |a 027318   |b BUKU   |c PINJAMAN   |e PERPUSTAKAAN KOMUNITI PETALING JAYA